Biblioteca

Introducción a la fenomenología de la religión (Registro nro. 43554)

Detalles MARC
000 -LÍDER
Campo fijo de descripción fija 01151nam a22002657a 4500
001 - NÚMERO DE CONTROL
Campo de control 14708
003 - IDENTIFICADOR DEL NÚMERO DE CONTROL
Campo de control CO-MdFUSB
005 - FECHA Y HORA DE LA ULTIMA TRANSACCIÓN
control field 20180622072731.0
008 - ELEMENTOS DE LONGITUD FIJA -- INFORMACIÓN GENERAL
Campo fijo de descripción fija -- Información general 170303t2006 sp ||||| |||| 00| 0 spa d
020 ## - NÚMERO INTERNACIONAL NORMALIZADO PARA LIBROS
Número Internacional Normalizado del libro 84-8164-833-7
040 ## - FUENTE DE CATALOGACIÓN
Agencia de catalogación original CO-MdFUSB
Idioma de catalogación spa
Agencia que realiza la transcripción CO-MdFUSB
Agencia que realiza la modificación CO-MdFUSBC
Convenciones de la descripción rda
041 0# - CÓDIGO DE IDIOMA
Código de idioma para texto/pista de sonido o título separado spa
082 04 - NÚMERO DE CLASIFICACIÓN DECIMAL DEWEY
Número de clasificación G 200.1 M3869i
100 1# - ASIENTO PRINCIPAL--NOMBRE PERSONAL
Nombre personal Velasco, Juan Martín
Término relacionador autor
245 #0 - TÍTULO
Título del Material Introducción a la fenomenología de la religión
Parte restante del título - Subtitulo
Mención de responsabilidad, etc. / Juan Martín Velasco
250 ## - MENCIÓN DE EDICIÓN
Mención de edición 7a. ed. corr. y aum.
264 ## - PRODUCCIÓN, PUBLICACIÓN, DISTRIBUCIÓN, MANUFACTURA, Y COPYRIGHT
Lugar de producción, publicación, distribución, manufactura Madrid :
Nombre del productor, publicador, distribuidor Trotta,
Fecha de producción, publicación, distribución, manufactura, o copyright 2006
300 ## - DESCRIPCIÓN FÍSICA
Extensión 628 Pág.
Otros detalles físicos :
Dimensiones ;
336 ## - TIPO DE CONTENIDO
Fuente rdacontent
Término de tipo de contenido texto
Código de tipo de contenido txt
337 ## - TIPO DE MEDIO
Fuente rdamedia
Nombre del tipo de medio sin mediación
Código del tipo de medio n
338 ## - TIPO DE SOPORTE
Fuente rdacarrier
Nombre del tipo de soporte volumen
Código Tipo de soporte nc
505 00 - NOTA DE CONTENIDO
Nota de contenido con formato preestablecido 1. La fenomenología de la religión en el campo de la ciencia de las religiones 2. Hacia una compresión del hecho religioso. 3. Las configuraciones de los divino en la historia de las religiones 4. Fenomenología de la religión en el marco de los estudios sobre el hecho religioso. Su desarrollo en la segunda mitad del siglo XX. Situación actual.
650 #7 - ASIENTO SECUNDARIO DE MATERIA - TERMINO TEMÁTICO
9 (RLIN) 447
Término temático o nombre geográfico como elemento de entrada Religión
Subdivisión general Bibliografía
-- Teoría, métodos, etc.
942 ## - TIPO DE MATERIAL (KOHA)
Tipo de Item KOHA Libros General
Existencias
Estado de Material Estado de Perdido Estado de Dañado No para Préstamo Colección Tomo Biblioteca de Origen Biblioteca Permanente Fecha de Adquisición Total de Préstamos Total de Renovaciones Signatura Topográfica Código de Barras Última vez visto Última vez Préstado Ejemplar/Existencia Fecha de Remplazo Tipo de Material
        Colección General   Biblioteca FUSBC Biblioteca FUSBC 29/10/2007 2 2 G 200.1 M3869i 16711 07/03/2023 28/01/2020 1 26/01/2016 Libros General

Biblioteca FUSBC | Teléfono: (57+4) 349 88 10 Ext. 141| WhatsApp (+57) 3005338115 
E-mail: biblioteca@unisbc.edu.co | Calle 76 87-14 Robledo Palenque, Medellín, Colombia

Con tecnología Koha